Southville International School and Colleges
Your cart is empty.
  • Cart
  • Lists
    Public lists Eva Luna New books Lux_list list_1
    Your lists Log in to create your own lists
  • Log in to your account
  • Your cookies
  • Search history
Southville International School and Colleges
  • Advanced search
  • Recent comments
  • Most popular
  • Libraries

Log in to your account

Log in with GOOGLE


If you do not have an external account, but do have a local account, you can still log in:

  1. Home
  2. MARC view: The book of ichigo ichie :
Normal view MARC view ISBD view

The book of ichigo ichie : (Record no. 368276)

[ view plain ]
MARC details
000 -LEADER
fixed length control field 00954nam a22002537a 4500
003 - CONTROL NUMBER IDENTIFIER
control field 0
005 - DATE AND TIME OF LATEST TRANSACTION
control field 20251018114106.0
008 - FIXED-LENGTH DATA ELEMENTS--GENERAL INFORMATION
fixed length control field 251018b xxu||||| |||| 00| 0 eng d
020 ## - INTERNATIONAL STANDARD BOOK NUMBER
International Standard Book Number 978-0-14-313449-7
050 ## - LIBRARY OF CONGRESS CALL NUMBER
Classification number BF 575.H27
Item number .G37 2019
100 ## - MAIN ENTRY--PERSONAL NAME
Personal name García, Héctor,
Relator term author.
245 ## - TITLE STATEMENT
Title The book of ichigo ichie :
Remainder of title the art of making the most of every moment, the Japanese way /
Statement of responsibility, etc HHéctor García and Francesc Miralles ; translated by Charlotte Whittle.
250 ## - EDITION STATEMENT
Edition statement First edition.
260 ## - PUBLICATION, DISTRIBUTION, ETC. (IMPRINT)
Place of publication, distribution, etc London :
Name of publisher, distributor, etc Life, Penguin Books
Date of publication, distribution, etc 2019.
300 ## - PHYSICAL DESCRIPTION
Extent 196 pages ;
Dimensions 19 cm
500 ## - GENERAL NOTE
General note Originally published in Spanish as "Ikigai para cada día."
504 ## - BIBLIOGRAPHY, ETC. NOTE
Bibliography, etc Includes bibliographical references.
650 ## - SUBJECT ADDED ENTRY--TOPICAL TERM
Topical term or geographic name as entry element Mindfulness (Psychology)
General subdivision Philosophy.
650 ## - SUBJECT ADDED ENTRY--TOPICAL TERM
Topical term or geographic name as entry element Conduct of life.
650 ## - SUBJECT ADDED ENTRY--TOPICAL TERM
Topical term or geographic name as entry element Happiness
General subdivision Psychological aspects.
700 ## - ADDED ENTRY--PERSONAL NAME
Personal name Miralles, Francesc,
Relator term author.
700 ## - ADDED ENTRY--PERSONAL NAME
Personal name Whittle, Charlotte,
Relator term translator.
942 ## - ADDED ENTRY ELEMENTS (KOHA)
Source of classification or shelving scheme Library of Congress Classification
Koha item type Books
Holdings
Withdrawn status Lost status Source of classification or shelving scheme Damaged status Home library Current library Shelving location Date acquired Source of acquisition Sub Shelving location Total Checkouts Full call number Barcode Date last seen Price effective from Koha item type
    Library of Congress Classification   Luxembourg Library Luxembourg Library High School Section 11/19/2025 Library Fund     BF 575.H27 .G37 2019 21401 10/18/2025 10/18/2025 Books
    Library of Congress Classification   Luxembourg Library Luxembourg Library High School Section 11/19/2024 Library Fund     BF 575.H27 .G37 2019 21402 10/18/2025 10/18/2025 Books

The book of ichigo ichie :

APA

García H., Miralles F. & Whittle C. (2019). The book of ichigo ichie. London: Life, Penguin Books.

Chicago

García Héctor, Miralles Francesc and Whittle Charlotte. 2019. The book of ichigo ichie. London: Life, Penguin Books.

Harvard

García H., Miralles F. and Whittle C. (2019). The book of ichigo ichie. London: Life, Penguin Books.

MLA

García Héctor, Miralles Francesc and Whittle Charlotte. The book of ichigo ichie. London: Life, Penguin Books. 2019.

  • Place hold
  • Print
  • Cite
  • Add to your cart (remove)
  • Save record
    BIBTEX Dublin Core MARCXML MARC (non-Unicode/MARC-8) MARC (Unicode/UTF-8) MARC (Unicode/UTF-8, Standard) MODS (XML) RIS
  • More searches
    Search for this title in:
    Other Libraries (WorldCat) Other Databases (Google Scholar) Online Stores (Bookfinder.com) Open Library (openlibrary.org)

Exporting to Dublin Core...

SOUTHVILLE LIBRARY

Southville International School and Colleges Library

1281 Tropical Ave. Cor. Luxembourg St., BF Homes International, Las Pinas City

Tel. No. 8256374 / 252358 Loc. 117/146

Powered by Koha